Titre de Livre par Définition Littérale - Statistiques

Statistiques générales
  • Ce quiz a été pris 106 fois
  • Le résultat moyen est 11 sur 20
Statistiques - réponses
Définition Œuvre % Correct
Qui est dans une extrême pauvreté Les {Misérables}
93%
Personne qui pratique l'alchimie L'{Alchimiste}
89%
Sentiment qui porte à espérer L'{Espoir}
87%
Qui a de l'argent et refuse de le dépenser, quitte à se priver L'{Avare}
83%
Odeur agréable et pénétrante Le {Parfum}
75%
Qui a de la candeur, exprime la candeur Candide
72%
Mouvement comparé à celui des flots La {Vague}
72%
Petite concrétion de nacre, généralement sphérique, sécrétée par certains mollusques (huîtres) pour isoler un corps étranger La {Perle}
67%
Personne qui ne fait pas partie d'un groupe ; personne avec laquelle on n'a rien de commun L'{Étranger}
67%
Changement de forme, de nature ou de structure telle que l'objet, la chose n'est plus reconnaissable La {Métamorphose}
65%
Personne qui aime d'amour et qui est aimée L'{Amant}
61%
Grand repas, repas officiel où sont conviées de nombreuses personnes Le {Banquet}
60%
Être imaginaire proche de l'être humain, mais de plus petite taille et aux pieds velus Le {Hobbit}
58%
Liquide incolore et inflammable obtenu par distillation du vin et des jus sucrés fermentés Alcools
55%
Qui croit en une religion, pratique une religion La {Religieuse}
38%
Septième mois du calendrier révolutionnaire Germinal
30%
Celui qui possède une souveraineté ; celui qui règne Le {Prince}
29%
Élément du lexique, en tant que signe Les {Mots}
18%
Forteresse qui commandait une ville Citadelle
11%
Herbe qui repousse dans une prairie après la première coupe Regain
8%
Aucun quiz correspondant
Distribution des résultats
% des personnes avec chaque résultat
Percentile par nombre de réponses
Votre historique - résultats
Vous n’avez pas pris ce quiz